000 00772nam a2200217 4500
001 111842
003 ES-MaACL
005 20250208063127.0
007 t|
008 061121s1964 sp r ||||1| spa d
100 0 _aKennedy, John F.,
_d1917-1963
_9239598
245 1 3 _aEl deber y la la gloria
_b: testamento político de John F. Kennedy /
_cpor Allan Nevins; con prefacio especial del presidente Lyndon B. Johnson; versión española de Jaime Piñeiro.
250 _a1ª ed.
260 _aBarcelona [etc.] :
_bBruguera,
_c19647.
300 _a350 p. ;
_c24 cm.
700 1 _aJohnson, Lyndon B.
_966750
700 1 _aPiñeiro, Jaime.
_992259
700 1 _aNevins, Allan.
_985474
852 _aES-MaACL
_jC-26666
_bR.55654
999 _c111842
_d111842